LEADER 01556nam--2200517---450- 001 990001654540203316 005 20081203110136.0 010 $a88-238-3006-0 035 $a000165454 035 $aUSA01000165454 035 $a(ALEPH)000165454USA01 035 $a000165454 100 $a20040512d2002----km-y0enga50------ba 101 0 $aita 102 $aIT 105 $a||||||||001yy 200 1 $aInternet & turismo$etecnologie per competere$fMagda Antonioli Corigliano, Rodolfo Baggio$gprefazione di Lucio Stanca 210 $aMilano$cEGEA$d2002 215 $aXII, 214 p.$d23 cm. 225 2 $a<> saggi 410 0$12001$a<> saggi 454 1$12001 606 0 $aTurismo$xInformazioni in Internet 676 $a338.479102854678 700 1$aANTONIOLI CORIGLIANO,$bMagda$0437335 701 1$aBAGGIO,$bRodolfo$0141777 702 1$aSTANCA,$bLucio 801 0$aIT$bsalbc$gISBD 912 $a990001654540203316 951 $a338.479 ANT 1 (IRA 19 70)$b40326 G.$cIRA 19$d00133195 951 $aEG/125$b2273$cEG 951 $a300 338.4791 ANT$b11085 DISES 959 $aBK 969 $aECO 969 $aDIMEC 969 $aDISES 979 $aMARIA$b10$c20040512$lUSA01$h1404 979 $aPECORARO$b90$c20040824$lUSA01$h1840 979 $aDIMEC$b90$c20061206$lUSA01$h1514 979 $aRSIAV2$b90$c20081203$lUSA01$h1101 979 $c20121027$lUSA01$h1549 979 $c20121027$lUSA01$h1601 979 $c20121027$lUSA01$h1610 996 $aInternet & turismo$965267 997 $aUNISA DEB $aUSA12003